Sbornik drevne - russkich pamjatnikov

Bibliographic Details
Main Author: Isačenko, Aleksandr Vasilievič, 1911-1978 (Author)
Format: Book
Language:Undetermined
PhysicalDescription:14 s.
Published: [S. l.] [s. n.] [1977]

MARC

LEADER 00000nam a2200000 a 4500
001 vtls001413499
003 SK-MaSNL
005 20260302035125.0
008 240314s1977 xx 0 und
035 |a SNK000368223 
040 |a SNK  |b slo  |c SNK  |e AACR2 
100 1 |a Isačenko, Aleksandr Vasilievič,  |d 1911-1978  |4 aut  |9 207356 
245 1 0 |a Sbornik drevne - russkich pamjatnikov 
260 |a [S. l.]  |b [s. n.]  |c [1977] 
300 |a 14 s. 
958 |a OND 
999 |c 1069350  |d 1071280 
952 |t P60, <04>, [BOOK], {604}  |a SNK  |b SNK  |y VYP  |7 0  |p 17A0301028  |o snkIB 524  |i snkK 1821/78  |0 0  |1 0  |4 0  |d 2001-05-18  |l 0  |r 2005-01-02 00:00:00  |w 2026-02-24